Loading...
| Science - Biology | 0 | 6 | 1 | 0 | 55 | 29 | 77.83 | 1 | 1 | 17.70 | 29.55 |
| Literature - British | 0 | 3 | 0 | 0 | 30 | 71 | 93.00 | 0 | 0 | 9.25 | 10.23 |
| Mythology | 0 | 3 | 0 | 0 | 30 | 74 | 90.67 | 0 | 1 | 7.88 | 13.64 |
| Science - Chemistry | 0 | 2 | 0 | 0 | 20 | 108 | 109.50 | 0 | 1 | 0.00 | 6.82 |
| Literature - American | 0 | 2 | 1 | 0 | 15 | 116 | 119.00 | 0 | 0 | 2.94 | 6.82 |
| Fine Arts - Painting and Sculpture | 0 | 1 | 0 | 0 | 10 | 129 | 129.00 | 0 | 0 | 0.00 | 1.14 |
| History - American | 0 | 1 | 0 | 0 | 10 | 52 | 52.00 | 0 | 1 | 4.83 | 6.82 |
| Social Science | 0 | 1 | 0 | 0 | 10 | 91 | 91.00 | 0 | 1 | 0.65 | 2.27 |
| Science - Other | 0 | 1 | 0 | 0 | 10 | 82 | 82.00 | 0 | 0 | 1.78 | 2.27 |
| Religion | 0 | 1 | 1 | 0 | 5 | 94 | 94.00 | 0 | 0 | 2.25 | 4.55 |